|
|
|
|
| LEADER |
01289nam a2200301 a 4500 |
| 001 |
118572 |
| 008 |
090518s1998 ne a b 101 0 eng d |
| 035 |
|
|
|a (DLC)118572
|
| 010 |
|
|
|a 97077017
|
| 020 |
|
|
|a 905199365X
|
| 020 |
|
|
|a 4274902064
|
| 040 |
|
|
|a DNLM
|c DNLM
|d DNLM
|d CStRLIN
|d DLC
|
| 060 |
0 |
0 |
|a W 20.5
|b B6155 v.16 1998
|
| 082 |
0 |
0 |
|a 610/.28
|2 21
|
| 245 |
0 |
0 |
|a New biomedical materials :
|b basic and applied studies /
|c edited by P.I. Haris and D. Chapman.
|
| 260 |
|
|
|a Amsterdam ;
|a Washington, DC :
|b IOS Press,
|c c1998.
|
| 300 |
|
|
|a xiv, 197 p. :
|b ill. ;
|c 25 cm.
|
| 490 |
1 |
|
|a Biomedical and health research,
|x 0929-6743 ;
|v v. 16
|
| 500 |
|
|
|a "First International Conference on Biomedical Materials, held in Ancona, Italy in May 1997"--Pref.
|
| 504 |
|
|
|a Includes bibliographical references and index.
|
| 541 |
1 |
|
|e 00011553
|
| 650 |
|
0 |
|a Biomedical materials
|v Congresses.
|
| 650 |
1 |
2 |
|a Biocompatible Materials
|v Congresses.
|
| 700 |
1 |
|
|a Haris, P. I.
|q (Parvez I.)
|
| 700 |
1 |
|
|a Chapman, Dennis,
|d 1927-
|
| 852 |
4 |
|
|a <add your library>
|j <shelf mark>
|
| 999 |
|
|
|c 782
|d 782
|
| 952 |
|
|
|0 0
|1 0
|2 ddc
|4 0
|6 610_280000000000000_NEW_1998
|7 0
|8 NFIC
|9 721
|a BRACUL
|b BRACUL
|c GEN
|d 2009-05-18
|g 0.00
|l 0
|o 610.28 NEW
|p 3010011553
|r 2009-05-18
|t 1
|w 2009-05-18
|y BK
|x No price found in the accession register.
|